000 00709nam a2200169Ia 4500
008 090711s9999 xx 000 0 und d
082 _b57040
100 _aसाठवणे पां. आ.
245 _aनिसर्गोपSाार ( प्राउाgऎतिक िSाकित्सा भा1)
260 _c1986
300 _a36
600 _aसाठवणे पां. आ.
630 _aनिसर्गोपSाार ( प्राउाgऎतिक िSाकित्सा भा1)
700 _aसाठवणे पां. आ.
730 _aनिसर्गोपSाार ( प्राउाgऎतिक िSाकित्सा भा1)
942 _cBOOK
999 _c312032
_d312032